[Event "53rd Women Tournament 2022"]
[Site "Belgrade"]
[Date "2022.04.01"]
[Round "5.1"]
[White "Lu, Miaoyi"]
[Black "Chelushkina, Irina"]
[Result "1-0"]
[WhiteElo "2182"]
[BlackElo "2183"]
[Annotator "ChessBase"]
[PlyCount "115"]
[EventDate "2022.03.28"]
[EventType "tourn"]
[EventCountry "SRB"]
[SourceTitle "playchess.com"]
[Source "ChessBase"]
[SourceQuality "1"]
[TimeControl "40/5400+30:1800+30"]

1. e4 {[%emt 0:00:02]} c5 {[%emt 0:00:04]} 2. Nf3 {[%emt 0:00:02]} Nc6 {[%emt 0:00:05]} 3. Bb5 {[%emt 0:00:04]} Na5 {[%emt 0:01:36]} 4. O-O {[%emt 0:00:07]} a6 {[%emt 0:00:03]} 5. Be2 {[%emt 0:00:06]} d6 {[%emt 0:00:11]} 6. d4 {[%emt 0:05:52]} cxd4 {[%emt 0:02:22]} 7. Nxd4 {[%emt 0:00:06]} e5 {[%emt 0:00:50]} 8. Nf3 {[%emt 0:03:56]} Nf6 {[%emt 0:00:21]} 9. Nc3 {[%emt 0:11:00]} Be7 {[%emt 0:00:06]} 10. Nd5 {[%emt 0:25:18]} Nc6 {[%emt 0:00:14]} 11. Nxe7 {[%emt 0:08:29]} Nxe7 {[%emt 0:01:10]} 12. Qd3 {[%emt 0:01:11]} O-O {[%emt 0:03:03]} 13. Rd1 {[%emt 0:05:45]} Nc6 {[%emt 0:01:09]} 14. Bg5 {[%emt 0:04:33]} Be6 {[%emt 0:01:50]} 15. Qa3 {[%emt 0:06:25]} h6 {[%emt 0:04:52]} 16. Rxd6 {[%emt 0:00:53]} Qe7 {[%emt 0:00:19]} 17. Bxf6 {[%emt 0:00:32]} Qxf6 {[%emt 0:00:28]} 18. Rad1 {[%emt 0:09:03]} Qf4 {[%emt 0:00:26]} 19. Qe3 {[%emt 0:06:23]} Qxe3 {[%emt 0:00:19]} 20. fxe3 {[%emt 0:00:02]} Rfc8 {[%emt 0:00:02]} 21. c4 {[%emt 0:02:19]} Kf8 {[%emt 0:05:40]} 22. a3 {[%emt 0:05:48]} Ke7 {[%emt 0:01:27]} 23. b4 {[%emt 0:00:34]} a5 {[%emt 0:12:43]} 24. b5 {[%emt 0:00:04]} Nd4 {[%emt 0:01:29]} 25. exd4 {[%emt 0:00:44]} Kxd6 {[%emt 0:00:05]} 26. c5+ {[%emt 0:00:48]} Ke7 {[%emt 0:01:54]} 27. Nxe5 {[%emt 0:00:45]} g5 {[%emt 0:09:24]} 28. Nc4 {[%emt 0:01:10]} Bxc4 {[%emt 0:00:19]} 29. Bxc4 {[%emt 0:00:02]} b6 {[%emt 0:02:22]} 30. c6 {[%emt 0:00:09]} f6 {[%emt 0:00:50]} 31. Kf2 {[%emt 0:00:35]} Rd8 {[%emt 0:00:37]} 32. Ke3 {[%emt 0:00:33]} Rd6 {[%emt 0:00:32]} 33. Rf1 {[%emt 0:00:28]} Rf8 {[%emt 0:04:34]} 34. Rf5 {[%emt 0:02:24]} Rdd8 {[%emt 0:03:10]} 35. Be2 {[%emt 0:00:25]} Kd6 {[%emt 0:03:45]} 36. Rd5+ {[%emt 0:00:43]} Kc7 {[%emt 0:00:10]} 37. Rxd8 {[%emt 0:00:31]} Rxd8 {[%emt 0:40:29]} 38. Bg4 {[%emt 0:00:35]} Re8 {[%emt 0:00:00]} 39. Kf3 {[%emt 0:00:37]} Kd6 {[%emt 0:00:00]} 40. a4 {[%emt 0:00:19]} Rh8 {[%emt 0:00:00]} 41. Bd7 {[%emt 0:18:28]} h5 {[%emt 0:00:00]} 42. Ke3 {[%emt 0:01:40]} Rf8 {[%emt 0:00:00]} 43. Kd3 {[%emt 0:04:12]} Rf7 {[%emt 0:00:00]} 44. Be8 {[%emt 0:00:21]} Rh7 {[%emt 0:00:00]} 45. Kc4 {[%emt 0:00:18]} Re7 {[%emt 0:00:30]} 46. Bg6 {[%emt 0:00:20]} h4 {[%emt 0:00:27]} 47. h3 {[%emt 0:05:48]} Rg7 {[%emt 0:00:26]} 48. Bf5 {[%emt 0:04:01]} Rf7 {[%emt 0:00:36]} 49. Kd3 {[%emt 0:00:00]} Rf8 {[%emt 0:00:26]} 50. Ke3 {[%emt 0:00:00]} Kc7 {[%emt 0:00:59]} 51. Kf3 {[%emt 0:00:00]} Re8 {[%emt 0:02:48]} 52. Kg4 {[%emt 0:00:00]} Kd6 {[%emt 0:02:14]} 53. Kh5 {[%emt 0:00:00]} Rg8 {[%emt 0:01:16]} 54. Kh6 {[%emt 0:00:00]} Kc7 {[%emt 0:02:37]} 55. Kh7 {[%emt 0:00:00]} Rd8 {[%emt 0:00:02]} 56. Bd7 {[%emt 0:00:00]} Kd6 {[%emt 0:00:00]} 57. Kg7 {[%emt 0:00:24]} Ke7 {[%emt 0:00:30]} 58. Kh7 {[%emt 0:00:45]} 1-0

[Event "53rd Women Tournament 2022"]
[Site "Belgrade"]
[Date "2022.04.01"]
[Round "5.2"]
[White "Manakova, Maria"]
[Black "Grozdanovic, Anastasia"]
[Result "1/2-1/2"]
[WhiteElo "2257"]
[BlackElo "2005"]
[Annotator "TA"]
[PlyCount "52"]
[EventDate "2022.03.28"]
[EventType "tourn"]
[EventCountry "SRB"]
[SourceTitle "playchess.com"]
[Source "ChessBase"]
[SourceQuality "1"]
[TimeControl "40/5400+30:1800+30"]

{[%evp 10,52,15,16,0,-27,14,-49,-52,-53,-25,-15,-18,-23,-23,-66,-63,-90,-25,-13,-15,-18,-22,-42,-59,-52,-33,-39,-41,-31,-43,-39,-14,-60,-63,-60,-63,-67,-9,-7,-7,-4,0,-10,-6]} 1. e4 {[%emt 0:02:15]} c6 {[%emt 0:00:06]} 2. d4 {[%emt 0:00:05]} d5 {[%emt 0:00:09]} 3. e5 {[%emt 0:02:11]} c5 {[%emt 0:00:09]} 4. c3 {[%emt 0:00:27]} Nc6 {[%emt 0:00:19]} 5. Nf3 {[%emt 0:02:04]} Bg4 {[%emt 0:00:32]} 6. Be2 {[%emt 0:01:28]} e6 {[%emt 0:02:12] B12: Caro-Kann: Advance Variation.} 7. Be3 {[%emt 0:09:11]} Qb6 {[%emt 0:06:37]} 8. Qd2 {[%emt 0:00:51]} (8. Nbd2 $11) 8... Nh6 $15 {[%emt 0:03:39] Black is slightly better.} 9. O-O {[%emt 0:06:44]} Nf5 {[%emt 0:04:44]} (9... Bxf3 $5 10. Bxf3 Nf5 $15) 10. dxc5 $1 {[%emt 0:05:08]} Bxc5 {[%emt 0:01:18]} 11. Bxc5 {[%emt 0:00:09]} Qxc5 {[%emt 0:00:04] [#]} 12. Re1 $146 {[%emt 0:01:03]} ({Predecessor:} 12. Qf4 Bxf3 13. Bxf3 Qb6 14. Bxd5 exd5 15. Qxf5 Qxb2 16. e6 O-O 17. Qxd5 Qxa1 18. Qd2 fxe6 {0-1 (35) Vorotnikov,V (2505)-Guliev,S (2505) Moscow 1996}) 12... O-O {[%emt 0:08:16]} 13. Na3 {[%emt 0:01:16][%cal Of3d4]} Rfd8 {[%emt 0:04:43]} (13... Nfe7 $17) 14. Nd4 $11 {[%emt 0:05:47] [#] Threatens to win with Nb3.} Bxe2 {[%emt 0:07:04]} (14... Ncxd4 $2 15. cxd4 (15. Bxg4 Nc6 $14) 15... Qxd4 16. Qxd4 Nxd4 17. Bxg4 $18) ({Resist} 14... Nxe5 15. Qf4 Bxe2 16. Qxe5 $14) 15. Nxf5 {[%emt 0:21:45]} exf5 {[%emt 0:03:46]} 16. Rxe2 {[%emt 0:00:31]} d4 {[%emt 0:01:11]} 17. Rae1 {[%emt 0:00:08]} dxc3 {[%emt 0:09:41]} 18. Qxc3 {[%emt 0:00:12]} Qxc3 {[%emt 0:00:16]} 19. bxc3 {[%emt 0:00:02]} Rd3 {[%emt 0:00:42]} 20. Nb5 {[%emt 0:02:32]} g6 {[%emt 0:03:25]} 21. e6 {[%emt 0:14:08]} (21. f4 $11) 21... fxe6 $15 {[%emt 0:01:42]} 22. Rxe6 {[%emt 0:00:07]} Rad8 {[%emt 0:02:04] Against Nd6} 23. c4 {[%emt 0:02:35]} Nd4 {[%emt 0:11:45]} (23... R8d7 $15 24. c5 R3d5) 24. Nxd4 $11 {[%emt 0:06:02] The position is equal.} R3xd4 {[%emt 0:00:13]} 25. c5 {[%emt 0:00:31]} Rd1 {[%emt 0:00:24]} 26. Kf1 {[%emt 0:07:03]} Rxe1+ {[%emt 0:00:08] Weighted Error Value: White=0.15 (very precise) /Black=0.19 (very precise)} 1/2-1/2

[Event "53rd Women Tournament 2022"]
[Site "Belgrade"]
[Date "2022.04.01"]
[Round "5.3"]
[White "Navrotescu, Andreea"]
[Black "Toncheva, Nadya"]
[Result "1/2-1/2"]
[WhiteElo "2229"]
[BlackElo "2207"]
[Annotator "NA"]
[PlyCount "81"]
[EventDate "2022.03.28"]
[EventType "tourn"]
[EventCountry "SRB"]
[SourceTitle "playchess.com"]
[Source "ChessBase"]
[SourceQuality "1"]
[TimeControl "40/5400+30:1800+30"]

1. c4 {[%emt 0:00:03]} c5 {[%emt 0:00:06]} 2. Nc3 {[%emt 0:00:06]} g6 {[%emt 0:00:08]} 3. Nf3 {[%emt 1:31:51]} Nc6 {[%emt 0:00:47]} 4. e3 {[%emt 0:00:00]} Nf6 {[%emt 0:00:14]} 5. d4 {[%emt 0:00:00]} cxd4 {[%emt 0:00:04]} 6. exd4 {[%emt 0:00:00]} d5 {[%emt 0:00:08]} 7. cxd5 {[%emt 0:00:00]} Nxd5 {[%emt 0:00:03]} 8. Qb3 {[%emt 0:00:00]} Nxc3 {[%emt 0:00:04]} 9. Bc4 {[%emt 0:00:00]} Nd5 {[%emt 0:00:04]} 10. Bxd5 {[%emt 0:00:00]} e6 {[%emt 0:00:02]} 11. Bxc6+ {[%emt 0:00:00]} bxc6 {[%emt 0:00:02]} 12. O-O {[%emt 0:00:00]} Qd5 {[%emt 0:01:37]} 13. Qe3 {[%emt 0:00:00]} f6 {[%emt 0:01:47]} 14. Bd2 {[%emt 0:00:00]} Be7 {[%emt 0:00:40]} 15. Bc3 {[%emt 0:00:00]} Kf7 {[%emt 1:32:14]} 16. Rfe1 {[%emt 0:06:30]} g5 {[%emt 0:00:30]} 17. a3 {[%emt 0:00:30]} g4 {[%emt 0:00:30]} 18. Nd2 {[%emt 0:00:00]} h5 {[%emt 0:00:00]} 19. Bb4 {[%emt 0:01:00]} Bxb4 {[%emt 0:00:00]} 20. axb4 {[%emt 0:00:00]} h4 {[%emt 0:01:30]} 21. Ra5 {[%emt 0:01:00]} Qd6 {[%emt 0:00:30]} 22. Rc5 {[%emt 0:00:30]} Bd7 {[%emt 0:00:30]} 23. Nc4 {[%emt 0:00:30]} Qb8 {[%emt 0:00:30]} 24. Rxc6 {[%emt 0:00:00]} Bxc6 {[%emt 0:00:00]} 25. Qxe6+ {[%emt 0:00:00]} Kg7 {[%emt 0:00:00]} 26. Qxg4+ {[%emt 0:01:30]} Kf7 {[%emt 0:00:00]} 27. Qe6+ {[%emt 0:00:00]} Kg7 {[%emt 0:02:00]} 28. Nd6 {[%emt 0:00:00]} Qc7 {[%emt 0:00:30]} 29. Nf5+ {[%emt 0:01:30]} Kg6 {[%emt 0:00:30]} 30. Ne7+ {[%emt 0:00:00]} Qxe7 {[%emt 0:00:00]} 31. Qg4+ {[%emt 0:00:00]} Kf7 {[%emt 0:00:00]} 32. Rxe7+ {[%emt 0:00:00]} Kxe7 {[%emt 0:00:00]} 33. Qf4 {[%emt 0:02:00]} Rac8 {[%emt 0:02:00]} 34. f3 {[%emt 0:00:30]} Kf7 {[%emt 0:00:00]} 35. Qf5 {[%emt 0:00:30]} Rhg8 {[%emt 0:01:00]} 36. d5 {[%emt 0:00:30]} Bb5 {[%emt 0:00:30]} 37. Qe6+ {[%emt 0:00:00]} Kg7 {[%emt 0:00:00]} 38. Qg4+ {[%emt 0:00:00]} Kf7 {[%emt 0:00:00]} 39. Qe6+ {[%emt 0:00:00]} Kg7 {[%emt 0:01:30]} 40. Qg4+ {[%emt 0:02:00]} Kf7 {[%emt 0:00:00]} 41. Qe6+ {[%emt 0:24:58]} 1/2-1/2

[Event "53rd Women Tournament 2022"]
[Site "Belgrade"]
[Date "2022.04.01"]
[Round "5.4"]
[White "Benderac, Ana"]
[Black "Kovacevic, Radmila"]
[Result "0-1"]
[WhiteElo "2180"]
[BlackElo "2072"]
[Annotator "TA"]
[PlyCount "84"]
[EventDate "2022.03.28"]
[EventType "tourn"]
[EventCountry "SRB"]
[SourceTitle "playchess.com"]
[Source "ChessBase"]
[SourceQuality "1"]
[TimeControl "40/5400+30:1800+30"]

{[%evp 9,84,14,36,47,29,25,47,17,12,-13,0,0,8,12,13,3,25,16,70,42,49,46,45,45,49,44,64,53,86,78,97,86,147,137,132,115,143,59,67,52,53,54,67,41,300,291,328,286,422,44,44,60,35,40,65,38,42,0,0,0,0,-233,-158,-273,-260,-247,-148,-303,-302,-456,-433,-439,-424,-616,-595,-29981,-29980]} 1. d4 {[%emt 0:00:03]} Nf6 {[%emt 0:10:13]} 2. Nc3 {[%emt 0:00:50]} d5 {[%emt 0:01:08]} 3. Nf3 {[%emt 0:00:15]} g6 {[%emt 0:00:17]} 4. Bf4 {[%emt 0:01:35]} Bg7 {[%emt 0:00:39]} 5. e3 {[%emt 0:00:32]} Bg4 {[%emt 0:00:49]} 6. h3 {[%emt 0:00:59] D00: 1 d4 d5: Unusual lines.} Bxf3 {[%emt 0:01:37]} 7. Qxf3 {[%emt 0:00:07]} c6 {[%emt 0:00:03]} 8. Bd3 {[%emt 0:06:00] White is slightly better.} Nbd7 {[%emt 0:12:38]} 9. O-O {[%emt 0:05:26]} Nh5 {[%emt 0:00:28] [#]} 10. Bh2 $146 {[%emt 0:01:55]} ({Predecessor:} 10. Bg5 Qb6 11. g4 Qxb2 12. Nxd5 cxd5 13. gxh5 e6 14. Rab1 Qc3 15. Rxb7 Qc6 16. Rfb1 {1-0 (31) Ridzvanavicius,J (2048)-Mecelica,E (1568) Lithuania 2019}) 10... O-O {[%emt 0:06:01]} 11. g4 {[%emt 0:23:54]} Nhf6 {[%emt 0:00:15]} 12. Qg2 {[%emt 0:00:36]} Re8 {[%emt 0:08:53]} 13. f4 {[%emt 0:16:29]} Kh8 {[%emt 0:03:23]} (13... e6 $11) 14. Ne2 {[%emt 0:20:35]} e6 {[%emt 0:02:09]} 15. c3 {[%emt 0:03:45]} c5 {[%emt 0:00:13]} 16. Kh1 {[%emt 0:02:32]} Qb6 {[%emt 0:00:11]} 17. Ng3 {[%emt 0:00:18]} Rac8 {[%emt 0:00:21]} 18. Rae1 {[%emt 0:00:14]} Qa5 {[%emt 0:00:38]} 19. a3 {[%emt 0:00:09]} Ng8 {[%emt 0:04:35]} 20. f5 {[%emt 0:02:52]} c4 {[%emt 0:05:35] [#]} (20... Qd8 $142) 21. fxg6 $1 {[%emt 0:02:16]} fxg6 {[%emt 0:00:08]} 22. Bb1 {[%emt 0:00:04]} e5 {[%emt 0:00:28]} 23. dxe5 {[%emt 0:00:39]} ({White should try} 23. g5 $16) 23... Nxe5 $14 {[%emt 0:01:00]} 24. e4 {[%emt 0:00:07][%cal Be3e4,Be4e5][%mdl 32]} d4 {[%emt 0:01:38]} 25. cxd4 {[%emt 0:00:35]} Nd3 {[%emt 0:00:07]} 26. Rd1 {[%emt 0:00:22]} Qb5 {[%emt 0:01:22][%mdl 8192] [#]} (26... Bxd4 $14 27. Bxd3 cxd3) 27. e5 $1 $18 {[%emt 0:05:43]} Nxb2 {[%emt 0:00:33]} 28. Ne4 {[%emt 0:00:36] Threatens to win with Nd6.} Red8 {[%emt 0:03:40]} (28... Rcd8 {was worth a try.}) 29. Nd6 $2 {[%emt 0:00:40]} (29. Rde1 $18) 29... Rxd6 $1 $14 {[%emt 0:00:24]} 30. exd6 {[%emt 0:00:02]} Nxd1 {[%emt 0:00:14]} 31. Rxd1 {[%emt 0:00:02]} Qb3 {[%emt 0:02:27]} 32. Bc2 {[%emt 0:01:19]} Qxa3 {[%emt 0:01:57]} 33. Be5 {[%emt 0:02:39]} Nf6 {[%emt 0:00:09] And now ...Nd7 would win.} 34. Rf1 {[%emt 0:00:12]} Nd7 {[%emt 0:03:31]} 35. Qh2 {[%emt 0:01:14]} (35. Bf5 $1 $11 {and White is okay.} gxf5 36. Bxg7+ Kxg7 37. gxf5+ Kf7 38. f6) 35... Re8 {[%emt 0:01:01][%cal Rg7e5]} 36. Be4 {[%emt 0:01:42]} (36. Qg3 $17 Qa5 37. Qe1 Qxe1 38. Rxe1 Bxe5 39. Ba4) 36... Bxe5 $19 {[%emt 0:02:32]} 37. dxe5 {[%emt 0:00:01]} Rxe5 {[%emt 0:00:14]} (37... Nxe5 $2 {[#]} 38. Rf8+ $3 {[%mdl 512]} Kg7 39. Rxe8 $18) ({Better is} 37... Kg7 $19 38. Rb1 Qe3) 38. Bxb7 $2 {[%emt 0:00:55]} (38. Rf8+ $17 Kg7 39. Rd8 Rxe4 40. Rxd7+ Kh6 41. Re7 Rxe7 42. Qf4+ Kg7 43. dxe7 Qxe7 44. Qxc4) 38... Qxd6 {[%emt 0:00:08] aiming for ...Qd3.} 39. Qb2 {[%emt 0:00:32]} (39. Be4 $142) 39... Qd3 {[%emt 0:02:51][%csl LRf1,LRh3]} 40. Bg2 {[%emt 0:00:24]} c3 {[%emt 0:03:09][%cal Bc4c3,Bc3c2][%mdl 32]} 41. Qb3 {[%emt 0:06:47]} (41. Qa1 $142) 41... Qd2 {[%emt 0:08:51] Hoping for ...Re1.} 42. Rf7 {[%emt 0:11:46]} c2 {[%emt 0:02:58] Quite a comeback for Black.  Weighted Error Value: White=0.70/Black=0.36} 0-1

[Event "53rd Women Tournament 2022"]
[Site "Belgrade"]
[Date "2022.04.01"]
[Round "5.5"]
[White "Srdanovic, Jovana"]
[Black "Xu, Yuanyuan"]
[Result "0-1"]
[WhiteElo "2194"]
[BlackElo "2317"]
[Annotator "NA"]
[PlyCount "84"]
[EventDate "2022.03.28"]
[EventType "tourn"]
[EventCountry "SRB"]
[SourceTitle "playchess.com"]
[Source "ChessBase"]
[SourceQuality "1"]
[TimeControl "40/5400+30:1800+30"]

1. d4 {[%emt 0:00:03]} Nf6 {[%emt 0:00:20]} 2. c4 {[%emt 0:01:11]} b6 {[%emt 0:00:20]} 3. Nc3 {[%emt 0:00:59]} Bb7 {[%emt 0:00:12]} 4. Nf3 {[%emt 0:06:25]} e6 {[%emt 0:06:32]} 5. a3 {[%emt 0:00:45]} d5 {[%emt 0:00:56]} 6. Bg5 {[%emt 0:01:54]} Nbd7 {[%emt 0:04:18]} 7. e3 {[%emt 0:02:02]} h6 {[%emt 0:00:12]} 8. Bh4 {[%emt 0:00:27]} g5 {[%emt 0:05:07]} 9. Bg3 {[%emt 0:00:43]} Ne4 {[%emt 0:00:04]} 10. cxd5 {[%emt 0:00:38]} Nxg3 {[%emt 0:07:35]} 11. hxg3 {[%emt 0:00:40]} exd5 {[%emt 0:00:05]} 12. Qb3 {[%emt 0:03:54]} c6 {[%emt 0:02:25]} 13. Bd3 {[%emt 0:08:54]} Bg7 {[%emt 0:07:02]} 14. a4 {[%emt 0:09:51]} O-O {[%emt 0:09:48]} 15. Qc2 {[%emt 0:07:02]} c5 {[%emt 0:02:24]} 16. Bh7+ {[%emt 0:03:05]} Kh8 {[%emt 0:00:09]} 17. O-O-O {[%emt 0:01:13]} Rc8 {[%emt 0:19:22]} 18. Bf5 {[%emt 0:06:12]} cxd4 {[%emt 0:04:56]} 19. exd4 {[%emt 0:00:29]} Rc7 {[%emt 0:02:13]} 20. Qd2 {[%emt 0:03:49]} Kg8 {[%emt 0:05:51]} 21. Rh2 {[%emt 0:23:28]} Qf6 {[%emt 0:05:38]} 22. g4 {[%emt 0:00:44]} Re8 {[%emt 0:01:21]} 23. Kb1 {[%emt 0:01:10]} Nf8 {[%emt 0:15:10]} 24. Nb5 {[%emt 0:06:22]} Rce7 {[%emt 0:00:00]} 25. Nc3 {[%emt 0:04:00]} Ne6 {[%emt 0:00:00]} 26. Rhh1 {[%emt 0:01:21]} Nf4 {[%emt 0:00:00]} 27. g3 {[%emt 0:00:39]} Ne2 {[%emt 0:00:00]} 28. Rhe1 {[%emt 0:01:41]} Nxc3+ {[%emt 0:02:30]} 29. Qxc3 {[%emt 0:00:07]} Qc6 {[%emt 0:00:00]} 30. Qb4 {[%emt 0:01:15]} a5 {[%emt 0:00:00]} 31. Qxe7 Rxe7 32. Re3 Rc7 33. Re5 Re7 34. Rxe7 Ba6 35. Bc2 Bf6 36. Re3 Qd7 37. Nh2 b5 38. axb5 Bxb5 39. Bf5 Qd6 40. Nf3 Qb4 41. Rc3 Be2 42. Rc8+ Kg7 {[%emt 0:35:13]} 0-1

[Event "53rd Women Tournament 2022"]
[Site "Belgrade"]
[Date "2022.04.02"]
[Round "6.1"]
[White "Chelushkina, Irina"]
[Black "Xu, Yuanyuan"]
[Result "0-1"]
[WhiteElo "2183"]
[BlackElo "2317"]
[Annotator "NA"]
[PlyCount "67"]
[EventDate "2022.03.28"]
[EventType "tourn"]
[EventCountry "SRB"]
[SourceTitle "playchess.com"]
[Source "ChessBase"]
[SourceQuality "1"]
[TimeControl "40/5400+30:1800+30"]

1. c4 {[%emt 0:00:16]} b6 {[%emt 0:05:17]} 2. Nc3 {[%emt 0:00:27]} c5 {[%emt 0:02:17]} 3. d3 {[%emt 0:00:41]} Bb7 {[%emt 0:01:28]} 4. Nf3 {[%emt 0:02:16]} e6 {[%emt 0:01:59]} 5. e4 {[%emt 0:02:24]} Ne7 {[%emt 0:05:11]} 6. Bf4 {[%emt 0:06:13]} Ng6 {[%emt 0:03:17]} 7. Bg3 {[%emt 0:01:24]} Nc6 {[%emt 0:07:15]} 8. h4 {[%emt 0:03:59]} h5 {[%emt 0:02:05]} 9. Be2 {[%emt 0:01:11]} Be7 {[%emt 0:00:23]} 10. d4 {[%emt 0:06:51]} cxd4 {[%emt 0:03:36]} 11. Nxd4 {[%emt 0:02:58]} a6 {[%emt 0:06:06]} 12. Nxc6 {[%emt 0:04:27]} Bxc6 {[%emt 0:01:53]} 13. Qd4 {[%emt 0:14:11]} Nxh4 {[%emt 0:07:43]} 14. O-O-O {[%emt 0:06:38]} Bf6 {[%emt 0:05:28]} 15. Qd3 {[%emt 0:10:45]} Ng6 {[%emt 0:14:24]} 16. Bxh5 {[%emt 0:08:34]} Ne5 {[%emt 0:00:13]} 17. Qf1 {[%emt 0:01:46]} b5 {[%emt 0:07:14]} 18. Be2 {[%emt 0:04:13]} Rxh1 {[%emt 0:02:57]} 19. Qxh1 {[%emt 0:00:03]} Qa5 {[%emt 0:00:45]} 20. f4 {[%emt 0:03:35]} Nxc4 {[%emt 0:01:21]} 21. e5 {[%emt 0:00:19]} Be7 {[%emt 0:01:21]} 22. Bxc4 {[%emt 0:00:37]} bxc4 {[%emt 0:00:06]} 23. Bf2 {[%emt 0:04:41]} O-O-O {[%emt 0:03:32]} 24. Qf1 {[%emt 0:02:10]} Bc5 {[%emt 0:04:25]} 25. Bd4 {[%emt 0:01:04]} d5 {[%emt 0:05:46]} 26. exd6 {[%emt 0:01:01]} Bxd6 {[%emt 0:00:39]} 27. Qxc4 {[%emt 0:01:10]} Bxf4+ {[%emt 0:00:54]} 28. Kb1 {[%emt 0:00:01]} Kb7 {[%emt 0:00:33]} 29. Rf1 {[%emt 0:02:03]} Qf5+ {[%emt 0:03:07]} 30. Ka1 {[%emt 0:00:01]} Bb5 {[%emt 0:00:58]} 31. Qb4 {[%emt 0:01:46]} Rxd4 {[%emt 0:01:26]} 32. Qxd4 {[%emt 0:01:15]} Bxf1 {[%emt 0:00:10]} 33. Ne4 {[%emt 0:00:03]} Qd5 {[%emt 0:01:13]} 34. Qd1 {[%emt 0:08:27]} 0-1

[Event "53rd Women Tournament 2022"]
[Site "Belgrade"]
[Date "2022.04.02"]
[Round "6.2"]
[White "Kovacevic, Radmila"]
[Black "Srdanovic, Jovana"]
[Result "0-1"]
[WhiteElo "2072"]
[BlackElo "2194"]
[Annotator "TA"]
[PlyCount "122"]
[EventDate "2022.03.28"]
[EventType "tourn"]
[EventCountry "SRB"]
[SourceTitle "playchess.com"]
[Source "ChessBase"]
[SourceQuality "1"]

{[%evp 16,122,0,-21,14,-13,25,18,22,11,14,-45,-36,-36,-33,-29,-45,-137,-135,-394,-388,-368,-381,-385,-378,-488,-503,-465,-384,-421,-385,-410,-316,-372,-284,-326,-291,-302,-291,-434,-416,-431,-387,-386,-380,-377,-314,-414,-352,-462,-369,-373,-382,-513,-498,-716,-601,-639,-410,-410,-400,-561,-520,-706,-695,-677,-136,-754,-514,-568,-538,-531,-331,-332,-331,-343,-331,-427,-433,-485,-485,-611,-576,-624,-668,-706,-701,-600,-487,-543,0,-602,-577,-577,-540,-570,-400,-572,-404,-559,0,-388,-379,-385,-392,-540,-333,-446,0]} 1. e4 c5 2. Nf3 e6 3. d4 cxd4 4. Nxd4 a6 5. Nc3 b5 6. Bd3 Bb7 7. O-O d6 8. f4 Nf6 9. a3 {[#]} h5 $146 {[%cal Bh7h5,Bh5h4,Bh4h3][%mdl 32] B82: Sicilian Scheveningen: 6 f4.} ({Predecessor:} 9... Nbd7 10. Kh1 Be7 11. Qe1 Nc5 12. b4 Nxd3 13. cxd3 Nd7 14. Be3 O-O 15. f5 e5 16. Nb3 Rc8 17. Na5 Ba8 18. a4 Nf6 19. axb5 {1-0 (50) Stefansson,H (2573)-Bologan,V (2700) Warsaw 2005}) 10. Kh1 Nc6 11. Be3 Qc7 {The position is equal.} 12. Bg1 {[%cal Oe4e5]} h4 13. Be2 (13. Qf3 $11) 13... h3 14. g3 Nxd4 15. Qxd4 d5 16. e5 {[#]} (16. exd5 $1 $15 Nxd5 17. Bf3 Nxc3 18. Qxc3 Qxc3 19. bxc3 Bxf3+ 20. Rxf3) 16... Bc5 $1 $17 17. exf6 $4 {[%mdl 8192]} (17. Qd3 $17 Ne4 18. Bxc5 Qxc5 19. Nd1) 17... Bxd4 $19 {[%mdl 64] Discovered Attack} 18. Bxd4 gxf6 19. Bf3 Rh6 20. Rfe1 Kf8 21. Rad1 Rc8 22. Kg1 Kg7 23. Rd2 Kh7 24. Kf2 f5 25. Ree2 Qd7 26. b3 a5 27. Nd1 (27. Na2 $142) 27... Qd6 28. Bb2 Qc5+ 29. Ne3 Ba6 30. Re1 Rd8 {[#] Threatens to win with ...d4.} 31. Rd4 f6 32. Red1 Rg6 33. R4d2 b4 34. a4 Qc7 35. Re1 (35. Bh5 $142) 35... Bb7 {[%cal Od5d4] And now ...d4! would win.} 36. Bd4 Rd7 37. Nd1 Rd6 38. Nb2 (38. Bh5 $142) 38... Rc6 39. Bd1 Ba6 40. Nd3 Kg7 $2 (40... e5 $19 {and Black stays clearly on top.} 41. fxe5 Bxd3 42. cxd3 f4) 41. Nc1 $2 {[%mdl 8192]} (41. Ne5 $17) 41... Rh6 42. Re3 Rh8 43. Ne2 Bc8 {[%cal Ba6c8,Bc8d7,Bd7e8,Be8h5,Bh5g4][%mdl 32]} 44. Ng1 Bd7 45. Nf3 Be8 {Strongly threatening ...Bh5.} 46. Rde2 Qc8 47. Rd2 Bh5 48. Red3 Bg4 49. Re3 Re8 50. Rde2 Re7 51. Rd2 Qe8 52. Be2 Qc8 $2 (52... Bxf3 $19 53. Bxf3 Qc8) 53. Bd3 {[%mdl 8192]} (53. Bd1 $11 Rec7 54. Red3) 53... Rec7 54. Ne1 Kf7 55. Kg1 Rd6 56. Kf2 (56. Bb5 $142) 56... Re7 {[%cal Oe6e5] ...e5! is the strong threat.} 57. Bb5 Rc7 $2 (57... e5 $19 58. fxe5 Rde6) 58. Kg1 $2 {[%mdl 8192]} (58. Bd3 $1 $11 {and White is okay.} Rd8 59. Nf3) 58... Qh8 59. Kf2 Qh6 {[%cal Oe6e5] White must now prevent ...e5!} 60. Nd3 {Against e5} Rb7 61. Nc5 Rc7 $2 {[%mdl 32768] Weighted Error Value: White=0.65/Black=0.31. Loss on time!?} ({Black should try} 61... Re7 $19 62. Nd3 Qf8) 0-1